00762 2200241 4500001002100000005001700021008004100038020001800079035002400097082001000121090001700131100002300148245017600171250001000347260003300357300001900390504001900409650002200428700001000450990002000460990002000480990002000500YOGYA-0311000000042720110324124914.0 ind  a979-963-437-7 0010-031100000000427 a297.2 a297.2bMuh O aMUHYIDIN, Muhammad aOrang kota mencari Allah : menjawab kegelisahan ruhani para pencari mata air spiritualitas diantara gedung - gedung pencakar langit / Muhammad Muhyidin ; penyunting, Fifah aCet.1 aJogjakartabDiva Pressc2008 a318 hlmc20 cm ahlm. 313 - 316 aIman kepada Allah afifah a50079 - PD/B.10 a50080 - PD/B.10 a50081 - PD/B.10